Montreal Candiens 2021 Stanley Cup roster - Statistiques

Statistiques générales
  • Ce quiz a été pris 65 fois
  • Le résultat moyen est 14 sur 23
Statistiques - réponses
Match played Réponse % Correct
20 Cole Caufield
100%
22 Nick Suzuki
100%
22 Carey Price
98%
22 Brendan Gallagher
91%
22 Shea Weber
78%
22 Phillip Danault
76%
22 Josh Anderson
74%
20 Jeff Petry
72%
22 Tyler Toffoli
61%
22 Corey Perry
59%
7 Jake Evans
59%
19 Jesperi Kotkaniemi
59%
21 Joel Armia
59%
17 Artturi Lehkonen
52%
21 Eric Staal
52%
22 Joel Edmundson
43%
22 Ben Chiarot
41%
22 Paul Byron
39%
4 Alexander Romanov
35%
5 Tomas Tatar
33%
16 Erik Gustafsson
24%
13 Jon Merrill
24%
13 Brett Kulak
22%
Aucun quiz correspondant
Distribution des résultats
% des personnes avec chaque résultat
Percentile par nombre de réponses
Votre historique - résultats
Vous n’avez pas pris ce quiz